النمو الاقتصادي والتنمية المستدامة في الدول العربية : (Record no. 24811)
[ view plain ]
| 000 -الفاتح | |
|---|---|
| حقل البيانات ثابتة الطول | 01631nam a22002895a 4500 |
| 003 - محدد رقم الضبط | |
| رقم الضبط | OSt |
| 005 - وقت وتاريخ اخر تعامل مع التسجيلة | |
| رقم الضبط | 20170509124158.0 |
| 008 - عناصر البيانات ثابتة الطول - معلومات عامة | |
| حقل البيانات ثابتة الطول | 170509s2013 qa a fr f000 0 ara d |
| 020 ## - الرقم الدولى المعيارى للكتب | |
| الرقم الدولى المعيارى للكتاب | 9789953025940 |
| 040 ## - مصدر الفهرسة | |
| وكالة الفهرسة الأصلية | EG-ScBUE |
| لغة الفهرسة | ara |
| وكالة النسخ | EG-ScBUE |
| وكالة التعديل | EG-ScBUE |
| 043 ## - رمز المنطقة الجغرافية | |
| رمز المنطقة الجغرافية | ma----- |
| 082 04 - رقم تصنيف ديوى العشرى | |
| رقم الطبعة | 22 |
| رقم التصنيف | 330.917621 |
| رقم المادة | ن م و |
| 245 02 - بيان العنوان | |
| العنوان | النمو الاقتصادي والتنمية المستدامة في الدول العربية : |
| بقية العنوان | الأبعاد السياسية والاجتماعية / |
| بيان المسئوليه,etc | أحمد محمد أبو زيد ... [وآخ.] |
| 246 33 - العنوان الموازى | |
| عنوان صحيح/عنوان مختصر | Economic growth and sustainable development in the Arab Countries : |
| بقية العنوان | the political and social dimensions |
| 250 ## - بيان الطبعة | |
| بيان الطبعة | ط. 1. |
| 260 ## - PUBLICATION, DISTRIBUTION, ETC. (IMPRINT) | |
| مكان الناشر او الموزع | الدوحة : |
| اسم الناشر او الموزع | المركز العربي للأبحاث ودراسة السياسات، |
| تاريخ النشر أو التوزيع | 2013. |
| 300 ## - الوصف المادى | |
| التعداد | 559 ص. : |
| تفاصيل ماديه اخرى للوعاء | إيض. ؛ |
| أبعاد الوعاء | 24 سم. |
| 504 ## - تبصرة ببليوجرافية | |
| تبصرة ببليوجرافية,الخ | يشتمل على إرجاعات ببليوجرافية. |
| 611 27 - المدخل الاضافى بالموضوع - عنوان مؤتمر | |
| اسم المؤتمر أو اسم السلطة كمدخل | المؤتمر السنوي للعلوم الاجتماعية والإنسانية من النمو المعاق إلى التنمية المستدامة : أي سياسات اقتصادية واجتماعية للأقطار العربية |
| تاريخ الاجتماع | (2012 : |
| موقع المؤتمر | الدوحة - قطر) |
| 650 #7 - المدخل الاضافى بالموضوع-مصطلح موضوعى | |
| مصدر الرأس أو المصطلح | BUEsh |
| مصطلح موضوعي أو اسم جغرافي كعنصر مدخل | التنمية المستدامة |
| التقسيم الفرعي الجغرافي | البلاد العربية. |
| 651 #7 - المدخل الاضافى بالموضوع - اسم جغرافى | |
| مصدر الرأس أو المصطلح | BUEsh |
| الاسم الجغرافي | البلاد العربية |
| التقسيم الفرعي العام | سياسة اقتصادية. |
| 9 (RLIN) | 27930 |
| 651 #7 - المدخل الاضافى بالموضوع - اسم جغرافى | |
| مصدر الرأس أو المصطلح | BUEsh |
| الاسم الجغرافي | البلاد العربية |
| التقسيم الفرعي العام | أحوال اجتماعية. |
| 651 #7 - المدخل الاضافى بالموضوع - اسم جغرافى | |
| الاسم الجغرافي | البلاد العربية |
| التقسيم الفرعي العام | سياسة وحكومة. |
| 9 (RLIN) | 27979 |
| مصدر الرأس أو المصطلح | BUEsh |
| 653 ## - مصطلح تكشيفى غير مقيد | |
| Resource For college | Generalities |
| Arrived date list | May2017 |
| 700 1# - المدخل الاضافى - اسم شخصى | |
| الإسم الشخصى | أبو زيد، أحمد محمد. |
| 9 (RLIN) | 22279 |
| 942 ## - عناصر المدخل الإضافي( كوها) | |
| مصدر التصنيف او مخطط الترفيف | Dewey Decimal Classification |
| حالة التراجع | حالة الفقد | مصدر التصنيف او خطة الترفيف | حالة تلف | ليس للاعارة | مجموعات كوها | المكان الدائم | المكان الحالي | موقع الترفيف | تاريخ الاكتساب | Source of acquisition | سعر الشراء الطبيعي | تعداد مسلسل / التسلسل الزمني | رقم الاستدعاء | الباركود | Date last seen | مُعار | التكلفة | نوع الوعاء |
|---|---|---|---|---|---|---|---|---|---|---|---|---|---|---|---|---|---|---|
| Dewey Decimal Classification | Madboly | Central Library | Central Library | First floor | 09/05/2017 | Purchase | 120.00 | 04160 | 330.917621 ن م و | 000041825 | 15/07/2025 | 07/11/2019 | 150.00 | Book - Borrowing |